[Event "Campeonato de España sub-16 2011"]
[Site "Padron ESP"]
[Date "2011.07.23"]
[Round "7.16"]
[White "Sanchez Garcia, Julio"]
[Black "Porto Fuentes, Oscar"]
[Result "1-0"]
[WhiteElo "1972"]
[BlackElo "1544"]
[PlyCount "108"]
[EventDate "2011.07.19"]
[EventType "swiss"]
[EventRounds "9"]
[EventCountry "ESP"]
[Source "lmi"]
[SourceDate "2011.07.19"]

1. d4 Nf6 2. c4 e6 3. Nc3 Bb4 4. Qc2 O-O 5. Bg5 h6 6. Bh4 d6 7. a3 Bxc3+ 8.
Qxc3 Nbd7 9. f3 Re8 10. e4 e5 11. d5 b6 12. g4 Nf8 13. Ne2 Bd7 14. Bf2 c6 15.
Qb4 c5 16. Qd2 N6h7 17. h4 b5 18. cxb5 Bxb5 19. Nc3 Bxf1 20. Kxf1 Qf6 21. Kg2
Ng6 22. Ne2 Rab8 23. b4 a5 24. h5 Ng5 25. Qd3 c4 26. Qe3 Nf4+ 27. Nxf4 exf4 28.
Qd2 axb4 29. Bd4 c3 30. Qd3 Qe7 31. axb4 c2 32. Ra7 Rb7 33. Rxb7 Qxb7 34. Bc3
Qb6 35. Rc1 Ra8 36. Rxc2 Ra3 37. Qd2 Qe3 38. Qxe3 fxe3 39. b5 Rb3 40. b6 Rxb6
41. Re2 Rb3 42. Rxe3 f6 43. Kg3 Kf7 44. Bd2 Rxe3 45. Bxe3 Ke7 46. Bxg5 fxg5 47.
f4 Kf6 48. Kf3 Kf7 49. e5 Ke7 50. Ke4 gxf4 51. Kxf4 dxe5+ 52. Kxe5 Kf7 53. d6
Kf8 54. Ke6 Ke8 1-0

[Event "Campeonato de España sub-16 2011"]
[Site "Padron ESP"]
[Date "2011.07.23"]
[Round "8.1"]
[White "Santos Latasa, Jaime"]
[Black "Anton Guijarro, David"]
[Result "0-1"]
[WhiteElo "2242"]
[BlackElo "2473"]
[PlyCount "72"]
[EventDate "2011.07.19"]
[EventType "swiss"]
[EventRounds "9"]
[EventCountry "ESP"]
[Source "lmi"]
[SourceDate "2011.07.19"]

1. d4 Nf6 2. c4 g6 3. Nc3 Bg7 4. e4 d6 5. Be2 O-O 6. Nf3 Bg4 7. Be3 Nfd7 8. Rc1
e5 9. d5 a5 10. a3 Na6 11. h3 Bxf3 12. Bxf3 Bf6 13. Bg4 Ndc5 14. Rb1 a4 15. Bf3
Bg5 16. Bxg5 Qxg5 17. Nxa4 f5 18. Nxc5 Nxc5 19. O-O fxe4 20. Bg4 e3 21. Qe2
exf2+ 22. Rxf2 Rxf2 23. Qxf2 Rf8 24. Qe2 Qf4 25. Rf1 Qd4+ 26. Kh2 Rf4 27. b4
Nd3 28. Be6+ Kg7 29. Rd1 e4 30. c5 dxc5 31. bxc5 h5 32. Rf1 e3 33. g3 Rxf1 34.
Qxf1 Qb2+ 35. Kg1 e2 36. Qf7+ Kh6 0-1

[Event "Campeonato de España sub-16 2011"]
[Site "Padron ESP"]
[Date "2011.07.23"]
[Round "8.2"]
[White "Pardo Simon, David"]
[Black "Navarrete Espi, Samuel"]
[Result "0-1"]
[WhiteElo "2388"]
[BlackElo "2169"]
[PlyCount "68"]
[EventDate "2011.07.19"]
[EventType "swiss"]
[EventRounds "9"]
[EventCountry "ESP"]
[Source "lmi"]
[SourceDate "2011.07.19"]

1. e4 e5 2. Bc4 Nc6 3. Nc3 Nf6 4. d3 Bc5 5. f4 d6 6. Nf3 O-O 7. f5 h6 8. Na4
Bb6 9. Nxb6 axb6 10. O-O Na5 11. Qe2 c6 12. a4 Nxc4 13. dxc4 d5 14. cxd5 cxd5
15. exd5 e4 16. Ne5 Qxd5 17. Ng4 Nxg4 18. Qxg4 Qc5+ 19. Kh1 e3 20. b3 Qe5 21.
c3 Bxf5 22. Qe2 Qxc3 23. Bb2 Qc2 24. Rfe1 Rfe8 25. Bd4 Re6 26. b4 Qxe2 27. Rxe2
Rd8 28. Bc3 Rd3 29. Be1 Bg4 30. Rc2 Rf6 31. h3 Rf1+ 32. Kh2 Bd1 33. Rc8+ Kh7
34. Bh4 g5 0-1

[Event "Campeonato de España sub-16 2011"]
[Site "Padron ESP"]
[Date "2011.07.23"]
[Round "8.3"]
[White "Sanchez Ibern, Marc"]
[Black "Ladron De Guevara Pinto, Paolo"]
[Result "1/2-1/2"]
[WhiteElo "2327"]
[BlackElo "2269"]
[PlyCount "65"]
[EventDate "2011.07.19"]
[EventType "swiss"]
[EventRounds "9"]
[EventCountry "ESP"]
[Source "lmi"]
[SourceDate "2011.07.19"]

1. e4 e6 2. d4 d5 3. Nc3 Bb4 4. e5 Ne7 5. Bd2 b6 6. a3 Bxc3 7. Bxc3 O-O 8. Nh3
c5 9. Bd3 Nf5 10. O-O Nc6 11. Bxf5 exf5 12. b4 cxd4 13. Bxd4 Nxd4 14. Qxd4 Be6
15. Nf4 Rc8 16. c3 Rc4 17. Qd2 Qc7 18. Rfe1 Rxc3 19. Nxd5 Bxd5 20. Qxd5 Rd8 21.
Qb5 h6 22. h3 Rcd3 23. Rac1 Qd7 24. Qa6 f4 25. Qc4 f3 26. e6 fxe6 27. Rxe6 Kh8
28. Rce1 fxg2 29. Re7 Qd5 30. Qg4 Rg8 31. Rxa7 Qd6 32. Rae7 Rxa3 33. R7e6
1/2-1/2

[Event "Campeonato de España sub-16 2011"]
[Site "Padron ESP"]
[Date "2011.07.23"]
[Round "8.4"]
[White "Suarez Garcia, Carlos"]
[Black "Quintin Navarro, Alberto"]
[Result "1/2-1/2"]
[WhiteElo "2250"]
[BlackElo "2153"]
[PlyCount "74"]
[EventDate "2011.07.19"]
[EventType "swiss"]
[EventRounds "9"]
[EventCountry "ESP"]
[Source "lmi"]
[SourceDate "2011.07.19"]

1. e4 c5 2. Nf3 d6 3. d4 cxd4 4. Nxd4 Nf6 5. Nc3 a6 6. Be2 e5 7. Nb3 Be7 8. Be3
O-O 9. g4 Be6 10. g5 Nfd7 11. h4 Nb6 12. Qd2 N8d7 13. f4 exf4 14. Bxf4 Ne5 15.
O-O-O Rc8 16. Kb1 Nbc4 17. Bxc4 Nxc4 18. Qd3 b5 19. Nd5 Bxd5 20. exd5 Re8 21.
Rhg1 Bf8 22. Nd4 g6 23. Nc6 Qd7 24. Rge1 Bg7 25. Bc1 Rxe1 26. Rxe1 Ne5 27. Nxe5
Bxe5 28. Re4 Qb7 29. Bf4 Bxf4 30. Rxf4 Re8 31. b3 Re5 32. Rd4 Qe7 33. Kb2 Re3
34. Qf1 Re4 35. Qd3 Re3 36. Qd1 Re4 37. Qd3 Re3 1/2-1/2

[Event "Campeonato de España sub-16 2011"]
[Site "Padron ESP"]
[Date "2011.07.23"]
[Round "8.5"]
[White "Gonzalez Hernandez, Ferran"]
[Black "Cruz Lledo, Pablo"]
[Result "1-0"]
[WhiteElo "2031"]
[BlackElo "2269"]
[PlyCount "111"]
[EventDate "2011.07.19"]
[EventType "swiss"]
[EventRounds "9"]
[EventCountry "ESP"]
[Source "lmi"]
[SourceDate "2011.07.19"]

1. e4 c6 2. Nc3 d5 3. Nf3 g6 4. d4 Bg7 5. h3 dxe4 6. Nxe4 Nd7 7. Bf4 Ngf6 8.
Nxf6+ Nxf6 9. Bd3 Bf5 10. c3 Bxd3 11. Qxd3 O-O 12. Be5 Qb6 13. O-O Rad8 14. Qc4
Rfe8 15. Rfe1 Nd7 16. Bxg7 Kxg7 17. Qb3 Qc7 18. c4 Kg8 19. Qc3 e6 20. Rad1 Qf4
21. Qd2 Qf6 22. b3 e5 23. Nxe5 Nxe5 24. dxe5 Qe7 25. Qe2 Rxd1 26. Qxd1 Qc5 27.
Qe2 Re6 28. Kh2 g5 29. Qe3 Qxe3 30. Rxe3 Kg7 31. Kg3 Re8 32. h4 h6 33. Kg4 gxh4
34. Kxh4 Kg6 35. Kg4 Re7 36. Kf4 Rd7 37. Rg3+ Kh7 38. Kf5 Re7 39. f4 Re6 40.
Rd3 Kg7 41. Rd7 b5 42. Rxa7 bxc4 43. bxc4 h5 44. g4 hxg4 45. Kxg4 c5 46. Kf3
Rb6 47. Ke4 Rb2 48. f5 Rd2 49. e6 Rd4+ 50. Ke5 Rxc4 51. Rxf7+ Kg8 52. Rc7 Rc2
53. Kf6 Rxa2 54. Rc8+ Kh7 55. e7 Ra6+ 56. Ke5 1-0

[Event "Campeonato de España sub-16 2011"]
[Site "Padron ESP"]
[Date "2011.07.23"]
[Round "8.6"]
[White "Buiza Prieto, Aizbeltz"]
[Black "Alcaraz Ortega, Javier"]
[Result "0-1"]
[WhiteElo "1949"]
[BlackElo "2248"]
[PlyCount "70"]
[EventDate "2011.07.19"]
[EventType "swiss"]
[EventRounds "9"]
[EventCountry "ESP"]
[Source "lmi"]
[SourceDate "2011.07.19"]

1. e4 c6 2. d4 d5 3. exd5 cxd5 4. Bd3 Nc6 5. c3 Qc7 6. Ne2 Bg4 7. f3 Bd7 8. Na3
a6 9. Bf4 e5 10. dxe5 Nxe5 11. Bxe5 Qxe5 12. Nc2 Bd6 13. Qd2 Ne7 14. Ncd4 O-O
15. f4 Qf6 16. O-O Nc6 17. Kh1 Rfe8 18. Qc2 h5 19. Bf5 Bxf5 20. Qxf5 Qxf5 21.
Nxf5 Rxe2 22. Nxd6 Rxb2 23. Rab1 Rxb1 24. Rxb1 b5 25. Rd1 Ne7 26. Re1 Kf8 27.
h3 Ra7 28. Rd1 Rd7 29. Ne4 Rc7 30. Rd3 Rc4 31. Ng3 Rxf4 32. Nxh5 Rf2 33. a4
bxa4 34. Rd4 g6 35. Ng3 Rc2 0-1

[Event "Campeonato de España sub-16 2011"]
[Site "Padron ESP"]
[Date "2011.07.23"]
[Round "8.7"]
[White "Fernandez Lledo, Javier"]
[Black "Rojano Alfonso, Carlos"]
[Result "1-0"]
[WhiteElo "2204"]
[BlackElo "2060"]
[PlyCount "85"]
[EventDate "2011.07.19"]
[EventType "swiss"]
[EventRounds "9"]
[EventCountry "ESP"]
[Source "lmi"]
[SourceDate "2011.07.19"]

1. e4 e5 2. Nf3 Nc6 3. Bb5 a6 4. Ba4 Nf6 5. O-O Be7 6. Re1 b5 7. Bb3 d6 8. c3
O-O 9. d4 exd4 10. cxd4 Bg4 11. Be3 Na5 12. Bc2 Nc4 13. Bc1 c5 14. b3 Nb6 15.
Nbd2 c4 16. h3 Bh5 17. Nf1 Bg6 18. Ng3 d5 19. e5 Ne8 20. Nf5 Nc7 21. g4 b4 22.
Nxe7+ Qxe7 23. Bf5 a5 24. h4 Bxf5 25. gxf5 Qd7 26. Qc2 Rfc8 27. Ng5 cxb3 28.
Qd3 f6 29. exf6 gxf6 30. Ne6 Kf7 31. Bf4 Qb5 32. Qf3 Nxe6 33. Rxe6 Ra7 34. axb3
Kg7 35. Rae1 Rg8 36. Kh2 Rf7 37. Qh5 Qd7 38. Rxb6 Kh8 39. Ree6 Rfg7 40. Bg3 Qc8
41. Rbc6 Qb7 42. Rxf6 Qb5 43. Rg6 1-0

[Event "Campeonato de España sub-16 2011"]
[Site "Padron ESP"]
[Date "2011.07.23"]
[Round "8.8"]
[White "Ballester Llagaria, Luis Eduard"]
[Black "Valhondo Morales, Ruben"]
[Result "1/2-1/2"]
[WhiteElo "2139"]
[BlackElo "1993"]
[PlyCount "65"]
[EventDate "2011.07.19"]
[EventType "swiss"]
[EventRounds "9"]
[EventCountry "ESP"]
[Source "lmi"]
[SourceDate "2011.07.19"]

1. e4 c5 2. Nf3 d6 3. d4 cxd4 4. Nxd4 Nf6 5. Nc3 a6 6. h3 e5 7. Nde2 h5 8. Bg5
Be6 9. Bxf6 Qxf6 10. Nd5 Qd8 11. Nec3 Nd7 12. Be2 g6 13. O-O Rc8 14. Qd3 Nc5
15. Qf3 Bg7 16. Ne3 Nd7 17. Rad1 Nf6 18. Rd2 O-O 19. Rfd1 Ne8 20. Ncd5 Bh6 21.
c3 Kh8 22. Rd3 Ng7 23. Qf6 Qxf6 24. Nxf6 Bxa2 25. Rxd6 Bxe3 26. fxe3 Ne8 27.
Nxe8 Rfxe8 28. Rd7 Rb8 29. c4 Bb3 30. Rf1 Rf8 31. Rfxf7 Rxf7 32. Rxf7 b5 33.
Rf6 1/2-1/2

[Event "Campeonato de España sub-16 2011"]
[Site "Padron ESP"]
[Date "2011.07.23"]
[Round "8.9"]
[White "Rodriguez Ferraz, Borja"]
[Black "Madurga Lopez, Ignacio"]
[Result "1-0"]
[WhiteElo "2125"]
[BlackElo "2036"]
[PlyCount "93"]
[EventDate "2011.07.19"]
[EventType "swiss"]
[EventRounds "9"]
[EventCountry "ESP"]
[Source "lmi"]
[SourceDate "2011.07.19"]

1. d4 Nf6 2. c4 g6 3. Nc3 Bg7 4. Nf3 d6 5. g3 O-O 6. Bg2 Nbd7 7. O-O e5 8. e4
exd4 9. Nxd4 Re8 10. Re1 Nc5 11. Rb1 c6 12. b4 Ne6 13. Nc2 Nc7 14. Bb2 Be6 15.
Ne3 Re7 16. f4 Qd7 17. Bf3 h5 18. Qd3 Ng4 19. f5 Ne5 20. Qf1 gxf5 21. Bxh5 fxe4
22. Nxe4 Ne8 23. Be2 Bh6 24. Ng2 f5 25. Nf2 a5 26. Rbd1 Qc7 27. bxa5 Qxa5 28.
Bc1 Bxc1 29. Rxc1 Ng7 30. Nf4 Bf7 31. N2h3 Rae8 32. Ng5 Qxa2 33. Qh3 Bg6 34.
Nxg6 Nxg6 35. Qh7+ Kf8 36. Qxg6 Qa7+ 37. Kh1 Qe3 38. Nh7+ Kg8 39. Nf6+ Kf8 40.
Nh7+ Kg8 41. Ng5 Kf8 42. Qh6 Rf7 43. Nxf7 Qe4+ 44. Kg1 Qd4+ 45. Kf1 Re6 46. Qf4
Qf6 47. Ng5 1-0

[Event "Campeonato de España sub-16 2011"]
[Site "Padron ESP"]
[Date "2011.07.23"]
[Round "8.10"]
[White "Pinsach Gelabert, Alexandre"]
[Black "Martin Duque, Jesus"]
[Result "0-1"]
[WhiteElo "1896"]
[BlackElo "2124"]
[PlyCount "144"]
[EventDate "2011.07.19"]
[EventType "swiss"]
[EventRounds "9"]
[EventCountry "ESP"]
[Source "lmi"]
[SourceDate "2011.07.19"]

1. d4 Nf6 2. c4 c6 3. Nf3 d5 4. e3 e6 5. Nc3 Nbd7 6. Qc2 Bd6 7. g4 Bb4 8. Bd3
dxc4 9. Bxc4 Qa5 10. Bd2 h6 11. a3 b5 12. Bd3 Bb7 13. e4 Bxc3 14. Bxc3 Qb6 15.
O-O-O a5 16. Bd2 b4 17. Bf4 Rc8 18. Bc4 Qd8 19. Ne5 Nxe5 20. dxe5 Nd7 21. Rd6
Qe7 22. Rhd1 Rd8 23. Qb3 O-O 24. Qe3 c5 25. Qd2 Nb6 26. Rxd8 Nxc4 27. Rxf8+
Qxf8 28. Qd3 Ba6 29. b3 g5 30. bxc4 gxf4 31. Qd6 Bxc4 32. axb4 axb4 33. Qc7 Kh7
34. Rd8 Qg7 35. h3 Bf1 36. Rd7 Kg6 37. h4 Qf8 38. Rd8 Qg7 39. Qxc5 Bh3 40. f3
Bg2 41. Rd3 Qg8 42. Qxb4 Qc8+ 43. Kd2 Qa6 44. Qa3 Qb6 45. Kc3 Qc6+ 46. Kd4 Qb6+
47. Qc5 Qb2+ 48. Rc3 Bf1 49. h5+ Kg7 50. Qa3 Qf2+ 51. Re3 fxe3 52. Qxe3 Qb2+
53. Kc5 Qxe5+ 54. Kb4 Qb5+ 55. Kc3 Qc4+ 56. Kd2 Qb4+ 57. Kd1 Bb5 58. Kc1 Qc4+
59. Kd2 Qb4+ 60. Kc1 Qc4+ 61. Kd2 Qa2+ 62. Ke1 Qb1+ 63. Kd2 Qb2+ 64. Ke1 Qf6
65. Kd2 e5 66. Ke1 Qf4 67. Qd2 Qxd2+ 68. Kxd2 Kf6 69. Ke3 Kg5 70. Kf2 Kf4 71.
Kg2 f6 72. Kf2 Bf1 0-1

[Event "Campeonato de España sub-16 2011"]
[Site "Padron ESP"]
[Date "2011.07.23"]
[Round "8.11"]
[White "Nicolas Zapata, Irene"]
[Black "Sanchez Garcia, Julio"]
[Result "1/2-1/2"]
[WhiteElo "2117"]
[BlackElo "1972"]
[PlyCount "79"]
[EventDate "2011.07.19"]
[EventType "swiss"]
[EventRounds "9"]
[EventCountry "ESP"]
[Source "lmi"]
[SourceDate "2011.07.19"]

1. d4 Nf6 2. Nf3 d5 3. c4 e6 4. g3 dxc4 5. Bg2 Nc6 6. Qa4 Nd5 7. Qxc4 Nb6 8.
Qd3 e5 9. Nxe5 Nb4 10. Qc3 Qxd4 11. O-O Qxc3 12. Nxc3 Bd6 13. Nf3 O-O 14. Nb5
Rd8 15. Nxd6 Rxd6 16. Bf4 Rd7 17. Ne5 Re7 18. Rfd1 Re8 19. a3 Na6 20. Nd3 c6
21. Bf3 Be6 22. e4 Rad8 23. Nb4 Rxd1+ 24. Bxd1 Nxb4 25. axb4 a6 26. b3 f6 27.
Be3 Nd7 28. f4 Bf7 29. Bc2 Bg6 30. f5 Bxf5 31. Rd1 Bxe4 32. Bxe4 Rxe4 33. Rxd7
Rxe3 34. Rxb7 Rxb3 35. Rb6 Kf7 36. Rxc6 Rxb4 37. Rxa6 Rb2 38. Ra7+ Kg6 39. Rc7
h5 40. h4 1/2-1/2

[Event "Campeonato de España sub-16 2011"]
[Site "Padron ESP"]
[Date "2011.07.23"]
[Round "8.12"]
[White "Aranaz Murillo, Amalia"]
[Black "Garcia De Lomas Guerrero, Carlo"]
[Result "1-0"]
[WhiteElo "2176"]
[BlackElo "1980"]
[PlyCount "47"]
[EventDate "2011.07.19"]
[EventType "swiss"]
[EventRounds "9"]
[EventCountry "ESP"]
[Source "lmi"]
[SourceDate "2011.07.19"]

1. Nf3 Nf6 2. c4 e6 3. g3 d5 4. Bg2 Be7 5. O-O O-O 6. d4 dxc4 7. Qc2 a6 8. Qxc4
b5 9. Qc2 Bb7 10. Bf4 Nc6 11. Rd1 Rc8 12. Nc3 Ba8 13. a3 Na5 14. Ne5 Bxg2 15.
Kxg2 Nd5 16. b4 Nxf4+ 17. gxf4 Nb7 18. Ne4 Qe8 19. Qc6 Qxc6 20. Nxc6 Rfe8 21.
Rdc1 Kf8 22. e3 Ra8 23. a4 f6 24. axb5 1-0

[Event "Campeonato de España sub-16 2011"]
[Site "Padron ESP"]
[Date "2011.07.23"]
[Round "8.13"]
[White "Delisau Gil, Oriol"]
[Black "Silva Rodriguez, Julio"]
[Result "0-1"]
[WhiteElo "1977"]
[BlackElo "2133"]
[PlyCount "96"]
[EventDate "2011.07.19"]
[EventType "swiss"]
[EventRounds "9"]
[EventCountry "ESP"]
[Source "lmi"]
[SourceDate "2011.07.19"]

1. e4 e6 2. Nf3 d5 3. Nc3 Nf6 4. e5 Nfd7 5. d4 c5 6. dxc5 Nc6 7. Bf4 Nxc5 8.
Bd3 Be7 9. O-O a6 10. a3 O-O 11. Re1 b5 12. Bg3 Bb7 13. b4 Nxd3 14. Qxd3 Rc8
15. Ne2 Nb8 16. c3 Nd7 17. a4 bxa4 18. Rxa4 Nb6 19. Ra2 Nc4 20. Nfd4 Qc7 21. f4
g6 22. Rb1 Ra8 23. Bf2 Rfb8 24. b5 axb5 25. Nxb5 Qd7 26. Rxa8 Rxa8 27. Nbd4 Ba6
28. Ra1 Nxe5 29. Qg3 Nd3 30. h4 Nxf2 31. Qxf2 Qc8 32. g3 Bf6 33. Qe3 Bc4 34.
Rxa8 Qxa8 35. Kg2 Qa2 36. Kh3 Qb1 37. Qf3 Qd1 38. g4 Bd3 39. g5 Be4 40. Qf2 Bg7
41. Ng3 Qd3 42. Qb2 h5 43. gxh6 Bxh6 44. Qb8+ Kh7 45. Qe8 Kg7 46. Qe7 Bf5+ 47.
Kg2 Qd2+ 48. Kf3 Qxc3+ 0-1

[Event "Campeonato de España sub-16 2011"]
[Site "Padron ESP"]
[Date "2011.07.23"]
[Round "8.14"]
[White "Cerrato Torrijos, Maria"]
[Black "Orantes Taboada, Manuel"]
[Result "1-0"]
[WhiteElo "2124"]
[BlackElo "1846"]
[PlyCount "41"]
[EventDate "2011.07.19"]
[EventType "swiss"]
[EventRounds "9"]
[EventCountry "ESP"]
[Source "lmi"]
[SourceDate "2011.07.19"]

1. e4 d6 2. d4 Nf6 3. Nc3 g6 4. Be3 c6 5. Nf3 Nbd7 6. e5 Ng4 7. Bf4 dxe5 8.
dxe5 Qb6 9. Qd2 Bg7 10. Na4 Qd8 11. O-O-O h5 12. e6 fxe6 13. Ng5 O-O 14. Nxe6
Qe8 15. Nxf8 Qxf8 16. h3 Nxf2 17. Qxf2 Bh6 18. Bc4+ Kh7 19. Rhf1 b5 20. Be6
bxa4 21. Bxd7 1-0

[Event "Campeonato de España sub-16 2011"]
[Site "Padron ESP"]
[Date "2011.07.23"]
[Round "8.15"]
[White "Perez Barreto, Adrian"]
[Black "Acosta Sosa, Juan Manuel"]
[Result "0-1"]
[WhiteElo "1934"]
[BlackElo "2088"]
[PlyCount "166"]
[EventDate "2011.07.19"]
[EventType "swiss"]
[EventRounds "9"]
[EventCountry "ESP"]
[Source "lmi"]
[SourceDate "2011.07.19"]

1. d4 d5 2. c4 c6 3. Nf3 Nf6 4. Nc3 a6 5. c5 b5 6. Bf4 Nbd7 7. b4 Nh5 8. Bd2 g6
9. e4 dxe4 10. Nxe4 Ndf6 11. Nc3 Nd5 12. Qb3 Nxc3 13. Bxc3 Be6 14. Qc2 Bd5 15.
Be2 Nf4 16. O-O Qc8 17. Ne1 Bg7 18. Bd3 O-O 19. Be4 Bc4 20. Nd3 Nd5 21. Bxd5
Bxd5 22. Nf4 Rd8 23. Rfe1 Bf6 24. Nxd5 Rxd5 25. Re4 Qf5 26. Qe2 Rad8 27. Qe3
R5d7 28. f4 Qd5 29. Qe2 Bg7 30. Rd1 Bf6 31. Rd2 Rb8 32. Rb2 Kf8 33. g3 Bg7 34.
Rd2 Rbd8 35. h3 f5 36. Re3 Bf6 37. Kh2 Qc4 38. Red3 Bxd4 39. Kh1 Qd5+ 40. Kh2
Qc4 41. Kh1 Rd5 42. Bxd4 Rxd4 43. Rxd4 Rxd4 44. Qxc4 Rxc4 45. Rb2 Kf7 46. Kg2
Kf6 47. Kf3 Rc3+ 48. Kf2 h6 49. h4 Rd3 50. Re2 e6 51. Kg2 Rd4 52. Rb2 g5 53.
Kf3 Rd3+ 54. Kg2 g4 55. Kf2 Rf3+ 56. Kg2 a5 57. a4 bxa4 58. bxa5 Rb3 59. Rxb3
axb3 60. a6 b2 61. a7 b1=Q 62. a8=Q Qc2+ 63. Kf1 Qd3+ 64. Kg2 Qf3+ 65. Kh2 Qf2+
66. Kh1 Qf1+ 67. Kh2 Qh3+ 68. Kg1 Qxg3+ 69. Kf1 Qxf4+ 70. Ke1 Qe3+ 71. Kd1 Qxc5
72. Qh8+ Ke7 73. Qg7+ Kd6 74. Qxh6 Qd4+ 75. Kc2 Qf2+ 76. Kd3 Qf3+ 77. Kd2 g3
78. Qf8+ Kd5 79. Qd8+ Ke4 80. Qd7 Qe3+ 81. Kc2 Qc5+ 82. Kb1 Qb4+ 83. Kc2 Qc4+
0-1

[Event "Campeonato de España sub-16 2011"]
[Site "Padron ESP"]
[Date "2011.07.23"]
[Round "8.16"]
[White "Shen, Yue"]
[Black "Suarez Gomez, Julio"]
[Result "0-1"]
[WhiteElo "2053"]
[BlackElo "1819"]
[PlyCount "84"]
[EventDate "2011.07.19"]
[EventType "swiss"]
[EventRounds "9"]
[EventCountry "ESP"]
[Source "lmi"]
[SourceDate "2011.07.19"]

1. d4 d5 2. c4 e6 3. Nf3 Nf6 4. g3 Be7 5. Bg2 O-O 6. O-O c6 7. Qc2 Nbd7 8. Nbd2
b6 9. e4 Ba6 10. Rd1 Nxe4 11. Nxe4 dxe4 12. Ne5 Nxe5 13. dxe5 Qc7 14. Bxe4 h6
15. Qc3 Rad8 16. Be3 c5 17. Rf1 Bb7 18. Bc2 Rd7 19. Rae1 Rfd8 20. Bb1 Bf8 21.
h4 h5 22. Kh2 a6 23. b3 b5 24. cxb5 axb5 25. Rc1 c4 26. bxc4 bxc4 27. Qb2 Rb8
28. Qe2 Qxe5 29. Qxc4 Rc8 30. Qb3 Rxc1 31. Rxc1 Rc7 32. Rd1 Bf3 33. Qd3 Qf5 34.
Qxf5 exf5 35. Rd8 g6 36. g4 Kg7 37. gxf5 Be7 38. Bd4+ f6 39. Re8 Bd6+ 40. Kh3
Rc1 41. Bxf6+ Kf7 42. Be5 Kxe8 0-1

[Event "Campeonato de España sub-16 2011"]
[Site "Padron ESP"]
[Date "2011.07.24"]
[Round "9.1"]
[White "Anton Guijarro, David"]
[Black "Navarrete Espi, Samuel"]
[Result "1-0"]
[WhiteElo "2473"]
[BlackElo "2169"]
[PlyCount "101"]
[EventDate "2011.07.19"]
[EventType "swiss"]
[EventRounds "9"]
[EventCountry "ESP"]
[Source "lmi"]
[SourceDate "2011.07.19"]

1. e4 e5 2. Nf3 Nc6 3. Bb5 Bc5 4. c3 f5 5. d3 Nf6 6. O-O fxe4 7. dxe4 O-O 8.
Qd3 Qe7 9. b4 Bb6 10. Bg5 d6 11. Nbd2 Qe8 12. a4 a6 13. Bxc6 bxc6 14. a5 Ba7
15. Be3 Qg6 16. Kh1 Be6 17. c4 Bxe3 18. fxe3 Rad8 19. Rac1 Qh6 20. b5 d5 21.
cxd5 cxd5 22. Nxe5 dxe4 23. Qe2 Rd5 24. Nc6 Rh5 25. g3 Re8 26. Rxf6 gxf6 27.
bxa6 Bd7 28. a7 Ra8 29. Nxe4 Kh8 30. Qb2 Kg7 31. Nb8 Rd5 32. Nxd7 Rxd7 33. Rf1
Rf7 34. Qd4 Qg6 35. Nc5 Re7 36. Rf4 h5 37. Ne4 Rf7 38. a6 c6 39. g4 c5 40. Qxc5
hxg4 41. Nd6 Rfxa7 42. Qd4 Qb1+ 43. Kg2 Kh7 44. Qxf6 Qg6 45. Qe5 Rd8 46. Rf6
Qc2+ 47. Kg3 Rg7 48. Qh5+ Kg8 49. Rh6 Kf8 50. Rh8+ Ke7 51. Qe5+ 1-0

[Event "Campeonato de España sub-16 2011"]
[Site "Padron ESP"]
[Date "2011.07.24"]
[Round "9.2"]
[White "Quintin Navarro, Alberto"]
[Black "Sanchez Ibern, Marc"]
[Result "1-0"]
[WhiteElo "2153"]
[BlackElo "2327"]
[PlyCount "79"]
[EventDate "2011.07.19"]
[EventType "swiss"]
[EventRounds "9"]
[EventCountry "ESP"]
[Source "lmi"]
[SourceDate "2011.07.19"]

1. d4 Nf6 2. c4 g6 3. f3 d5 4. cxd5 Nxd5 5. e4 Nb6 6. Nc3 Bg7 7. Be3 O-O 8. Qd2
Nc6 9. O-O-O f5 10. h4 fxe4 11. h5 gxh5 12. Rxh5 Bf5 13. Rg5 Bg6 14. Be2 e5 15.
d5 Nd4 16. fxe4 c6 17. Nf3 Nxf3 18. gxf3 cxd5 19. exd5 Rc8 20. d6 Rf7 21. Bxb6
axb6 22. Rxg6 hxg6 23. Qd5 e4 24. d7 Rc5 25. Qxe4 b5 26. Bxb5 Re5 27. Qxg6 Rg5
28. Qe4 Bxc3 29. bxc3 Kg7 30. a4 Rff5 31. Qd4+ Kh6 32. f4 Rh5 33. Qe4 Qf8 34.
Kb2 Rh2+ 35. Kb3 Rxf4 36. Qxf4+ Qxf4 37. d8=Q Qf7+ 38. Bc4 Qf2 39. Qh8+ Kg5 40.
Qg7+ 1-0

[Event "Campeonato de España sub-16 2011"]
[Site "Padron ESP"]
[Date "2011.07.24"]
[Round "9.3"]
[White "Ladron De Guevara Pinto, Paolo"]
[Black "Fernandez Lledo, Javier"]
[Result "0-1"]
[WhiteElo "2269"]
[BlackElo "2204"]
[PlyCount "92"]
[EventDate "2011.07.19"]
[EventType "swiss"]
[EventRounds "9"]
[EventCountry "ESP"]
[Source "lmi"]
[SourceDate "2011.07.19"]

1. e4 c5 2. Nf3 d6 3. d4 cxd4 4. Nxd4 Nf6 5. Nc3 Nc6 6. h3 g6 7. Nde2 Bg7 8. g4
O-O 9. Bg2 Bd7 10. O-O Rb8 11. Be3 Qa5 12. a4 a6 13. g5 Ne8 14. Nd5 b5 15. axb5
Qxb5 16. Nd4 Nxd4 17. Nxe7+ Kh8 18. Bxd4 Qxg5 19. Bxg7+ Nxg7 20. Qxd6 Bxh3 21.
Qg3 Qxg3 22. fxg3 Bxg2 23. Kxg2 Rxb2 24. Rf2 Ne6 25. Nd5 Kg7 26. Ra5 Rc8 27. c3
Rxf2+ 28. Kxf2 Ng5 29. Ke3 Re8 30. Rxa6 Rxe4+ 31. Kd3 Rg4 32. c4 Rxg3+ 33. Kc2
Ne6 34. Ra5 h5 35. Nc3 h4 36. Ne4 Nd4+ 37. Kb2 Rg2+ 38. Kc3 h3 39. Kxd4 h2 40.
Nf2 Rxf2 41. Ra1 Rg2 42. Rh1 g5 43. c5 g4 44. c6 g3 45. Kd3 Ra2 46. c7 Ra8 0-1

[Event "Campeonato de España sub-16 2011"]
[Site "Padron ESP"]
[Date "2011.07.24"]
[Round "9.4"]
[White "Alcaraz Ortega, Javier"]
[Black "Gonzalez Hernandez, Ferran"]
[Result "1/2-1/2"]
[WhiteElo "2248"]
[BlackElo "2031"]
[PlyCount "104"]
[EventDate "2011.07.19"]
[EventType "swiss"]
[EventRounds "9"]
[EventCountry "ESP"]
[Source "lmi"]
[SourceDate "2011.07.19"]

1. d4 d5 2. Nf3 Nf6 3. c4 e6 4. Nc3 Be7 5. Bg5 h6 6. Bh4 O-O 7. e3 Ne4 8. Bxe7
Qxe7 9. Rc1 c6 10. Bd3 Nxc3 11. Rxc3 dxc4 12. Bxc4 Nd7 13. O-O e5 14. Bb3 e4
15. Nd2 Nf6 16. Qc2 Bf5 17. Rb1 Rad8 18. Bc4 Nd5 19. Bxd5 cxd5 20. Qb3 Rd7 21.
Rc5 Rfd8 22. Rbc1 Bg4 23. Rc8 Rxc8 24. Rxc8+ Kh7 25. Rc5 Qd6 26. Qc2 Qg6 27.
Nf1 h5 28. Kh1 Qa6 29. Qb1 h4 30. h3 Bh5 31. Kg1 Qg6 32. Kh2 Qd6+ 33. Kg1 Qg6
34. Kh2 Qd6+ 35. Kh1 Qa6 36. f3 f5 37. f4 Qe2 38. Qc1 Qf2 39. Rc2 Be2 40. Nh2
Rd6 41. Qg1 Qxg1+ 42. Kxg1 Bd3 43. Rc5 Kg6 44. Nf1 Bxf1 45. Kxf1 Kf6 46. Ke2 g5
47. fxg5+ Kxg5 48. Ra5 a6 49. b4 Rb6 50. Rxd5 Rxb4 51. Ra5 Rb2+ 52. Kf1 Rb1+
1/2-1/2

[Event "Campeonato de España sub-16 2011"]
[Site "Padron ESP"]
[Date "2011.07.24"]
[Round "9.5"]
[White "Martin Duque, Jesus"]
[Black "Santos Latasa, Jaime"]
[Result "1/2-1/2"]
[WhiteElo "2124"]
[BlackElo "2242"]
[PlyCount "77"]
[EventDate "2011.07.19"]
[EventType "swiss"]
[EventRounds "9"]
[EventCountry "ESP"]
[Source "lmi"]
[SourceDate "2011.07.19"]

1. e4 Nf6 2. e5 Nd5 3. c4 Nb6 4. c5 Nd5 5. Nc3 e6 6. Bc4 Nxc3 7. dxc3 Nc6 8.
Bf4 Qh4 9. g3 Qe7 10. Nf3 Qxc5 11. Qe2 d5 12. Bd3 h6 13. h4 Bd7 14. h5 a5 15.
Kf1 a4 16. Kg2 Be7 17. Be3 Qa5 18. b4 axb3 19. axb3 Qxa1 20. Rxa1 Rxa1 21. b4
Kd8 22. Bb5 Kc8 23. Qb2 Ra8 24. Bxc6 Bxc6 25. Nd4 Bd7 26. Qe2 Kd8 27. f4 b6 28.
Kh3 c5 29. bxc5 bxc5 30. Nb3 c4 31. Nc5 Kc7 32. Qg4 Rhg8 33. Nxd7 Kxd7 34. f5
Rae8 35. Qd1 Ra8 36. Qg4 Rac8 37. Qd1 Rc6 38. Qg4 Rcc8 39. Qd1 1/2-1/2